000 00858nam a2200193Ia 4500
999 _c39686
_d39686
001 6289
003 GE_BSU
005 20191022173510.0
008 181216s1968||||ge |||||||||||||| ||geo||
040 _cGE_BSU
041 _ageo
080 _a821.353.1(092) ბ-25
100 _aბარათაშვილი, ნიკოლოზ
_94936
245 _aთხზულებანი /
_cნიკოლოზ ბარათაშვილი ; სარედ. კოლეგია : გრიგოლ აბაშიძე, პავლე ინგოროყვა, დევი სტურუა, ვახტანგ ჭელიძე.
264 _aთბილისი :
_bსაბჭ.საქართველო ;
_c1968.
300 _a285 გვ. ;
_c27 სმ.
653 _aთხზულებანი
942 _cBK
_2udc